পদ্মা নদীর পাখি চরের পাখি / (Record no. 83941)
[ view plain ]
| 000 -LEADER | |
|---|---|
| fixed length control field | 00801nam a2200229 4500 |
| 001 - CONTROL NUMBER | |
| control field | 83941 |
| 003 - CONTROL NUMBER IDENTIFIER | |
| rucl marc code | BD-RjUL |
| 005 - DATE AND TIME OF LATEST TRANSACTION | |
| control field | 20240630134922.0 |
| 008 - FIXED-LENGTH DATA ELEMENTS--GENERAL INFORMATION | |
| fixed length control field | 240630s2024 bg ||||| |||| 00| 0 eng d |
| 020 ## - INTERNATIONAL STANDARD BOOK NUMBER | |
| International Standard Book Number | 9789843557223 |
| 035 ## - SYSTEM CONTROL NUMBER | |
| System control number | (BD-RjUL)83941 |
| 040 ## - CATALOGING SOURCE | |
| Original cataloging agency | BD-RjUL |
| Language of cataloging | eng |
| Transcribing agency | BD-RjUL |
| 041 ## - LANGUAGE CODE | |
| Language code of text/sound track or separate title | ben |
| 082 ## - DEWEY DECIMAL CLASSIFICATION NUMBER | |
| Edition number | 23 |
| Classification number | 598 |
| Author mark and year | PAP 2024 |
| 100 ## - MAIN ENTRY--PERSONAL NAME | |
| Personal name | পারভীন, সেলিনা |
| 9 (RLIN) | 13406 |
| 245 ## - TITLE STATEMENT | |
| Title | পদ্মা নদীর পাখি চরের পাখি / |
| Statement of responsibility, etc. | সেলিনা পারভীন |
| 260 ## - PUBLICATION, DISTRIBUTION, ETC. (IMPRINT) | |
| Place of publication, distribution, etc. | রাজশাহী : |
| Name of publisher, distributor, etc. | মায়ানীড় প্রকাশনী, |
| Date of publication, distribution, etc. | ২০২৪ |
| 300 ## - PHYSICAL DESCRIPTION | |
| Pagination | ২২৩ পৃ. : |
| Illustrations | চিত্রসমূহ; |
| Size | ২২ সেমি. |
| 650 ## - SUBJECT ADDED ENTRY--TOPICAL TERM | |
| Topical term or geographic name as entry element | পাখি |
| 9 (RLIN) | 13407 |
| Topical term or geographic name as entry element | Bird |
| 9 (RLIN) | 3702 |
| 942 ## - ADDED ENTRY ELEMENTS (KOHA) | |
| Source of classification or shelving scheme | Dewey Decimal Classification |
| Koha item type | Books |
| Lost status | Source of classification or shelving scheme | Damaged status | Not for loan | Collection code | Permanent Location | Current Location | Shelving location | Date acquired | Source of acquisition | Cost, normal purchase price | Total Checkouts | Full call number | Date last seen | Copy number | Koha item type | Date checked out |
|---|---|---|---|---|---|---|---|---|---|---|---|---|---|---|---|---|
| Dewey Decimal Classification | Not For Loan | Non-fiction | Central Library, University of Rajshahi | Central Library, University of Rajshahi | Reading Room | 14/03/2024 | Author | 960.00 | B 598 PAP 2024 | 30/06/2024 | C-1 | Books | ||||
| Dewey Decimal Classification | Non-fiction | Central Library, University of Rajshahi | Central Library, University of Rajshahi | General Stacks | 14/03/2024 | Author | 960.00 | 1 | B 598 PAP 2024 | 06/05/2025 | C-2 | Books | 29/04/2025 | |||
| Dewey Decimal Classification | Non-fiction | Central Library, University of Rajshahi | Central Library, University of Rajshahi | General Stacks | 14/03/2024 | Author | 960.00 | B 598 PAP 2024 | 30/06/2024 | C-3 | Books | |||||
| Dewey Decimal Classification | Non-fiction | Central Library, University of Rajshahi | Central Library, University of Rajshahi | General Stacks | 14/03/2024 | Author | 960.00 | B 598 PAP 2024 | 30/06/2024 | C-4 | Books | |||||
| Dewey Decimal Classification | Non-fiction | Central Library, University of Rajshahi | Central Library, University of Rajshahi | General Stacks | 14/03/2024 | Author | 960.00 | B 598 PAP 2024 | 30/06/2024 | C-5 | Books |